000
00278nam a22001337a 4500
008
170613b xxu||||| |||| 00| 0 eng d
020
_a
067492097-X
041
_a
eng
080
_a
32
100
_a
19
101
_a
SHP
245
_a
UNFREE LABOR
_c
KOLCHIN,P
942
_2
udc
_c
BK
999
_c
17169
_d
17169